000 00440nam a2200181Ia 4500
001 20587
005 20260306172817.0
008 260306t2012||||xx |||||||||||||| ||spa||
041 _aESP
082 _a343.4
_bR31
100 _aReátegui Sánchez, James
_eAUT
245 0 _aEl hábeas corpus en el ámbito penal
260 _c2012
300 _a198 páginas :
_c24 cm.
650 _aGEN
654 _aCDE
942 _cLIB
_dJUS
_fJUS
_2ddc
_n
999 _c20587
_d20587